[Event "Berlin-ch Seniors op 34th"]
[Site "Berlin"]
[Date "2018.02.02"]
[Round "4"]
[White "Wilke, Hans Peter"]
[Black "Radloff, Rainer"]
[Result "1-0"]
[WhiteElo "1542"]
[BlackElo "1638"]
[PlyCount "65"]
[EventDate "2018.01.30"]
[EventType "swiss"]
[EventRounds "9"]
[EventCountry "GER"]
[SourceTitle "EXT 2020"]
[Source "ChessBase"]
[SourceDate "2019.10.17"]
[SourceVersion "1"]
[SourceVersionDate "2019.10.17"]
[SourceQuality "1"]

1. d4 d5 2. Nf3 Nf6 3. Bf4 e6 4. e3 Be7 5. h3 0-0 6. c4 dxc4 7. Bxc4 b6 8. Nc3 a6 9. a4 Bb7 10. 0-0 c5 11. Be2 Nc6 12. dxc5 Bxc5 13. Ne5 Nxe5 14. Bxe5 Be7 15. Qb3 Bd5 16. Nxd5 Nxd5 17. Rfd1 Bf6 18. Bh2 Qe7 19. Bf3 Rac8 20. Bxd5 exd5 21. Rxd5 Rc6 22. Rad1 Rfc8 23. Qd3 g6 24. Rd7 Qb4 25. Qd5 Re6 26. Qb7 Rf8 27. Bd6 Qb3 28. Bxf8 Rxe3 29. fxe3 Qxe3+ 30. Kh1 Qg3 31. Bd6 Qb3 32. Qc8+ Kg7 33. Bf8+ 1-0

[Event "Berlin-ch Seniors op 34th"]
[Site "Berlin"]
[Date "2018.02.01"]
[Round "3"]
[White "Radloff, Rainer"]
[Black "Roloff, Karsten"]
[Result "1/2-1/2"]
[WhiteElo "1638"]
[BlackElo "1566"]
[PlyCount "78"]
[EventDate "2018.01.30"]
[EventType "swiss"]
[EventRounds "9"]
[EventCountry "GER"]
[SourceTitle "EXT 2020"]
[Source "ChessBase"]
[SourceDate "2019.10.17"]
[SourceVersion "1"]
[SourceVersionDate "2019.10.17"]
[SourceQuality "1"]

1. d4 e6 2. c4 d5 3. e3 c6 4. Nf3 Nd7 5. cxd5 exd5 6. Bd3 Ngf6 7. 0-0 Bd6 8. Qe2 0-0 9. b3 Qe7 10. Nh4 g6 11. Nf3 Ne4 12. Bb2 f5 13. Qc2 Ng5 14. Kh1 Nxf3 15. gxf3 Qh4 16. f4 Nf6 17. f3 Re8 18. Bc1 Bd7 19. Rg1 Re7 20. Bxf5 Bxf5 21. Qxf5 Kf7 22. Qg5 Qh3 23. Qg2 Qxg2+ 24. Kxg2 a5 25. Kf2 a4 26. bxa4 Rxa4 27. Nc3 Rc4 28. Bd2 Ba3 29. Rgb1 b5 30. Rb3 Ra7 31. Ke2 Nd7 32. e4 dxe4 33. fxe4 Bb4 34. Kd3 Bxc3 35. Rxc3 Rxc3+ 36. Bxc3 Ke6 37. Bb4 Ra4 38. a3 Nb6 39. Rc1 Nc4 1/2-1/2

[Event "Berlin-ch Seniors op 34th"]
[Site "Berlin"]
[Date "2018.01.30"]
[Round "1"]
[White "Radloff, Rainer"]
[Black "Beran, Rolf Dietrich"]
[Result "0-1"]
[WhiteElo "1638"]
[BlackElo "1909"]
[PlyCount "124"]
[EventDate "2018.01.30"]
[EventType "swiss"]
[EventRounds "9"]
[EventCountry "GER"]
[SourceTitle "EXT 2020"]
[Source "ChessBase"]
[SourceDate "2019.10.17"]
[SourceVersion "1"]
[SourceVersionDate "2019.10.17"]
[SourceQuality "1"]

1. d4 c5 2. e3 g6 3. c4 Bg7 4. Nc3 b6 5. Nf3 Nf6 6. Be2 0-0 7. 0-0 d6 8. h3 Bb7 9. Nh2 Nbd7 10. Bf3 Bxf3 11. Nxf3 Rc8 12. b3 Ne8 13. Bb2 a6 14. Qe2 cxd4 15. exd4 e6 16. Rac1 Nc7 17. Ne4 Nf6 18. Ba3 Nxe4 19. Qxe4 d5 20. cxd5 exd5 21. Qd3 Re8 22. Rc6 Nb5 23. Rxc8 Qxc8 24. Rc1 Qb7 25. Bb2 Nd6 26. Ba3 Ne4 27. Qc2 Rb8 28. Qc6 h6 29. Qxb7 Rxb7 30. Rc8+ Kh7 31. Rd8 Nc3 32. Ne5 Nxa2 33. Rxd5 Nc3 34. Rd7 Rxd7 35. Nxd7 Bxd4 36. Kf1 Ne4 37. f3 Nd2+ 38. Ke2 Nxb3 39. Kd3 Bg1 40. Kc3 Nc5 41. Nxb6 Ne4+ 42. fxe4 Bxb6 43. Kc4 Kg7 44. Kd5 Ba5 45. Kc5 Bd2 46. Kb6 a5 47. Kb5 Kf6 48. Bb2+ Ke6 49. Bd4 f5 50. exf5+ Kxf5 51. Bg7 Ke4 52. Bf8 Kd3 53. g4 h5 54. gxh5 gxh5 55. Be7 Ke4 56. Bd8 Kf3 57. h4 Kg4 58. Be7 Be1 59. Bd8 Bxh4 60. Bxa5 Bg5 61. Kc4 h4 62. Kd3 h3 0-1

[Event "GER-chB Seniors 29th"]
[Site "Berlin"]
[Date "2017.08.11"]
[Round "4"]
[White "Radloff, Rainer"]
[Black "Hallmann, Eberhard"]
[Result "1/2-1/2"]
[WhiteElo "1634"]
[BlackElo "1834"]
[PlyCount "99"]
[EventDate "2017.08.07"]
[EventType "swiss"]
[EventRounds "9"]
[EventCountry "GER"]
[SourceTitle "EXT 2019"]
[Source "ChessBase"]
[SourceDate "2018.10.10"]
[SourceVersion "1"]
[SourceVersionDate "2018.10.10"]
[SourceQuality "1"]

1. d4 Nf6 2. e3 d5 3. c4 c6 4. h3 Nbd7 5. Nf3 Qc7 6. Nc3 e6 7. Bd2 dxc4 8. Bxc4 Nb6 9. Bd3 Nbd5 10. a3 Nxc3 11. Bxc3 Nd5 12. Rc1 Nxc3 13. Rxc3 Bd6 14. 0-0 0-0 15. Qc2 h6 16. Rc1 a6 17. b4 Bd7 18. Nd2 Qc8 19. f4 Qd8 20. Nc4 Bc7 21. Ne5 Bxe5 22. dxe5 f5 23. Rf1 a5 24. Bc4 axb4 25. axb4 Qe7 26. Rd1 Kh8 27. Rd6 Rfe8 28. Rcd3 Bc8 29. Qd1 Kh7 30. Rd8 Rxd8 31. Rxd8 Ra1 32. Qxa1 Qxd8 33. Qd4 Qe7 34. Bb3 Qc7 35. e4 g6 36. Kf2 fxe4 37. Qxe4 Qb6+ 38. Ke2 c5 39. Qc4 Qc6 40. Qxc5 Qxg2+ 41. Kd1 Qf1+ 42. Kc2 Qe2+ 43. Kb1 Qd3+ 44. Bc2 Qd7 45. h4 h5 46. Qf8 b6 47. Kb2 Bb7 48. Qf6 Qe8 49. Bb3 Bc8 50. Qg5 1/2-1/2

[Event "Berlin-ch Seniors op 32nd"]
[Site "Berlin"]
[Date "2016.02.04"]
[Round "9"]
[White "Stein, Siegfried"]
[Black "Radloff, Rainer"]
[Result "1-0"]
[WhiteElo "1804"]
[BlackElo "1657"]
[PlyCount "31"]
[EventDate "2016.01.26"]
[EventType "swiss"]
[EventRounds "9"]
[EventCountry "GER"]
[SourceTitle "EXT 2019"]
[Source "ChessBase"]
[SourceDate "2018.10.10"]
[SourceVersion "1"]
[SourceVersionDate "2018.10.10"]
[SourceQuality "1"]

1. e4 c5 2. Nf3 d6 3. d4 cxd4 4. Nxd4 e6 5. Nc3 a6 6. Bc4 b5 7. Bb3 Bb7 8. 0-0 Nf6 9. Bg5 Be7 10. Re1 Nbd7 11. Bxe6 fxe6 12. Nxe6 Qc8 13. Nd5 Bd8 14. Nxg7+ Kf7 15. Nf5 Ne5 16. Nxd6+ 1-0

[Event "Berlin-ch Seniors op 32nd"]
[Site "Berlin"]
[Date "2016.02.01"]
[Round "6"]
[White "Gmerek, Henning"]
[Black "Radloff, Rainer"]
[Result "1/2-1/2"]
[WhiteElo "1584"]
[BlackElo "1657"]
[PlyCount "120"]
[EventDate "2016.01.26"]
[EventType "swiss"]
[EventRounds "9"]
[EventCountry "GER"]
[SourceTitle "EXT 2019"]
[Source "ChessBase"]
[SourceDate "2018.10.10"]
[SourceVersion "1"]
[SourceVersionDate "2018.10.10"]
[SourceQuality "1"]

1. d4 d5 2. c4 e6 3. Nf3 Nf6 4. Bg5 Be7 5. e3 0-0 6. Be2 dxc4 7. Bxc4 b6 8. 0-0 Bb7 9. Nc3 c5 10. Be2 h6 11. Bh4 Nbd7 12. dxc5 Nxc5 13. Bxf6 Bxf6 14. Qc2 Qe7 15. Rfd1 Rfd8 16. a3 Rac8 17. Nd2 Be5 18. Bf3 Na6 19. Bxb7 Qxb7 20. Nde4 Qe7 21. Rxd8+ Rxd8 22. f4 Bb8 23. Qa4 Nc5 24. Nxc5 Qxc5 25. Qe4 Rd2 26. h3 Qd6 27. Rb1 g5 28. Qf3 gxf4 29. Ne4 fxe3 30. Nxd6 Bxd6 31. Qxe3 Bc5 32. Qxc5 bxc5 33. b3 Kf8 34. Rc1 Rd5 35. Rc4 Ke7 36. Ra4 Rd7 37. Rc4 Rd5 38. Ra4 Rd7 39. Rc4 Kd6 40. b4 cxb4 41. axb4 Rb7 42. Kf2 Rb5 43. g4 a5 44. bxa5 Rxa5 45. Kg3 h5 46. Kh4 hxg4 47. hxg4 f6 48. Rf4 Ke5 49. Rf1 Ra4 50. Kh5 Rf4 51. Re1+ Re4 52. Rf1 Rf4 53. Re1+ Kd6 54. Ra1 e5 55. g5 Rf5 56. Ra6+ Ke7 57. Ra7+ Ke6 58. Ra6+ Ke7 59. Ra7+ Ke6 60. Ra6+ Ke7 1/2-1/2

[Event "Berlin-ch Seniors op 32nd"]
[Site "Berlin"]
[Date "2016.01.30"]
[Round "5"]
[White "Radloff, Rainer"]
[Black "Garms, Ilse"]
[Result "1/2-1/2"]
[WhiteElo "1657"]
[BlackElo "1787"]
[PlyCount "102"]
[EventDate "2016.01.26"]
[EventType "swiss"]
[EventRounds "9"]
[EventCountry "GER"]
[SourceTitle "EXT 2019"]
[Source "ChessBase"]
[SourceDate "2018.10.10"]
[SourceVersion "1"]
[SourceVersionDate "2018.10.10"]
[SourceQuality "1"]

1. Nf3 e6 2. d4 d5 3. Bf4 Nf6 4. h3 h6 5. e3 Be7 6. c4 dxc4 7. Bxc4 0-0 8. 0-0 b6 9. Ne5 Bb7 10. Nc3 a6 11. Be2 Nbd7 12. Bf3 Bxf3 13. Qxf3 Bd6 14. Ne4 Nxe4 15. Qxe4 Nf6 16. Qf3 Nd5 17. Bh2 Qe8 18. Rac1 f6 19. Nc4 Bxh2+ 20. Kxh2 Qd7 21. Qg3 Rac8 22. a3 Kh7 23. Rc2 Ne7 24. Rfc1 Nf5 25. Qf4 Nd6 26. Qf3 Nxc4 27. Rxc4 Rfd8 28. g3 c5 29. dxc5 bxc5 30. Rxc5 Rxc5 31. Rxc5 Qd6 32. Rc6 Qd2 33. b4 Qa2 34. Rxa6 Rd2 35. Kg2 Qc4 36. Rc6 Qa2 37. a4 Qxa4 38. Qe4+ f5 39. Qe5 Rd8 40. Qxf5+ Kh8 41. Qc5 Qa8 42. h4 Qb7 43. Qb6 Qa8 44. Kh3 Rf8 45. Qc5 Qe8 46. f4 Qd7 47. g4 Re8 48. b5 Qd1 49. Rc8 Qf3+ 50. Kh2 Qf2+ 51. Kh3 Qf3+ 1/2-1/2

[Event "Berlin Eckbauer op 18th"]
[Site "Berlin"]
[Date "2015.11.16"]
[Round "6"]
[White "Radloff, Rainer"]
[Black "Grosse, Michael"]
[Result "1-0"]
[WhiteElo "1657"]
[BlackElo "1952"]
[PlyCount "109"]
[EventDate "2015.10.05"]
[EventType "swiss"]
[EventRounds "7"]
[EventCountry "GER"]
[SourceTitle "EXT 2022"]
[Source "ChessBase"]
[SourceDate "2021.10.06"]
[SourceVersion "1"]
[SourceVersionDate "2021.10.06"]
[SourceQuality "1"]

1. Nf3 d5 2. d4 Nc6 3. Bf4 Bg4 4. e3 e6 5. h3 Bh5 6. Be2 Bd6 7. Bxd6 Qxd6 8. c3 f6 9. Nbd2 0-0-0 10. Qc2 Bg6 11. Bd3 f5 12. g4 fxg4 13. Bxg6 hxg6 14. Ng5 Rf8 15. Qxg6 Rh6 16. Qxg7 g3 17. f4 Rhf6 18. 0-0-0 Nh6 19. e4 Qd7 20. Qxd7+ Kxd7 21. Nh7 Rxf4 22. Nxf8+ Rxf8 23. Rhg1 Rg8 24. exd5 exd5 25. Rdf1 Ne7 26. Rf3 Nhf5 27. Nf1 g2 28. Ne3 Nh4 29. Rf4 Neg6 30. Rg4 Re8 31. Nxg2 Nf3 32. Rh1 Ne7 33. h4 Nf5 34. h5 Rh8 35. Rg6 Ke7 36. Nf4 c6 37. h6 N3h4 38. Rg7+ Kf6 39. Rxb7 Rxh6 40. Rxa7 Kg5 41. Nd3 Ng3 42. Rg1 Nhf5 43. Kc2 Rh8 44. Ra6 Ne3+ 45. Kb3 Rb8+ 46. Nb4 Kf4 47. Rxc6 Ne4 48. Rgg6 Nc4 49. Kc2 Ne3+ 50. Kd3 Nf2+ 51. Ke2 Nfg4 52. a4 Rh8 53. Rxg4+ Nxg4 54. Nxd5+ Ke4 55. Nf6+ 1-0

[Event "Berlin Eckbauer op 18th"]
[Site "Berlin"]
[Date "2015.10.19"]
[Round "3"]
[White "Radloff, Rainer"]
[Black "Scharkowski, Albrecht"]
[Result "1/2-1/2"]
[WhiteElo "1657"]
[BlackElo "1600"]
[PlyCount "88"]
[EventDate "2015.10.05"]
[EventType "swiss"]
[EventRounds "7"]
[EventCountry "GER"]
[SourceTitle "EXT 2022"]
[Source "ChessBase"]
[SourceDate "2021.10.06"]
[SourceVersion "1"]
[SourceVersionDate "2021.10.06"]
[SourceQuality "1"]

1. Nf3 d5 2. d4 c6 3. Bf4 Nf6 4. h3 Bf5 5. e3 e6 6. Bd3 Bg6 7. 0-0 Be7 8. Qe2 Nbd7 9. Nbd2 Qb6 10. Rab1 Bxd3 11. Qxd3 0-0 12. e4 dxe4 13. Nxe4 Nxe4 14. Qxe4 Nf6 15. Qe2 Qa5 16. a3 Qf5 17. Bh2 Rfe8 18. c3 Rad8 19. Rbd1 Nd5 20. Qe5 Qg6 21. Rfe1 Bd6 22. Qg5 f6 23. Qxg6 hxg6 24. Bxd6 Rxd6 25. Re4 Kf7 26. Rde1 g5 27. h4 gxh4 28. Nxh4 Rh8 29. g3 g5 30. Nf3 Nc7 31. c4 Rd7 32. Kg2 Kg6 33. Rh1 Rxh1 34. Kxh1 Kf5 35. Nd2 c5 36. g4+ Kg6 37. Nf3 b6 38. dxc5 bxc5 39. b4 cxb4 40. axb4 a6 41. Rd4 Re7 42. Ne1 f5 43. gxf5+ exf5 44. Rd6+ Re6 1/2-1/2

[Event "Berlin-ch Seniors op 31st"]
[Site "Berlin"]
[Date "2015.01.31"]
[Round "3"]
[White "Radloff, Rainer"]
[Black "Kuntosch, Peter"]
[Result "0-1"]
[WhiteElo "1449"]
[BlackElo "1200"]
[PlyCount "148"]
[EventDate "2015.01.29"]
[EventType "swiss"]
[EventRounds "9"]
[EventCountry "GER"]
[SourceTitle "EXT 2018"]
[Source "ChessBase"]
[SourceDate "2017.10.13"]
[SourceVersion "1"]
[SourceVersionDate "2017.10.13"]
[SourceQuality "1"]

1. Nf3 Nc6 2. d4 d5 3. e3 Nf6 4. c3 e6 5. Bd3 Be7 6. 0-0 0-0 7. Nbd2 b6 8. Re1 Bb7 9. e4 dxe4 10. Nxe4 Nxe4 11. Bxe4 Rb8 12. Qd3 f5 13. Bxc6 Bxc6 14. Rxe6 Be4 15. Qe2 Qd7 16. Re5 c6 17. Bf4 Bd6 18. Ng5 Bxe5 19. Bxe5 Bd5 20. Bxb8 Rxb8 21. Re1 h6 22. Nf3 b5 23. a3 Qf7 24. Ne5 Qe6 25. f4 Re8 26. g3 g5 27. Qd2 Qe7 28. Kf2 Kg7 29. Nd3 Qf7 30. Rxe8 Qxe8 31. Nb4 Be4 32. fxg5 Qh5 33. gxh6+ Kh7 34. Ke1 Qf3 35. Qf2 Qh1+ 36. Ke2 Qb1 37. Ke3 a5 38. g4 axb4 39. Qh4 Qc1+ 40. Kf2 Qxb2+ 41. Ke3 Qxc3+ 42. Kf4 Qf3+ 43. Ke5 Qxg4 44. Qe7+ Kxh6 45. Qf6+ Qg6 46. Qh4+ Qh5 47. Qf6+ Kh7 48. Qe7+ Kh6 49. Qf6+ Qg6 50. Qh4+ Kg7 51. Qe7+ Qf7 52. Qg5+ Kf8 53. Kf4 b3 54. Qd8+ Kg7 55. Qg5+ Kh7 56. Qh4+ Kg7 57. Qg5+ Qg6 58. Qe7+ Qf7 59. Qg5+ Kf8 60. Qd8+ Qe8 61. Qf6+ Kg8 62. Qg5+ Kh7 63. Qh4+ Kg7 64. Qg5+ Qg6 65. Qe7+ Kh6 66. Qh4+ Kg7 67. Qe7+ Kg8 68. Qd8+ Kf7 69. Qd7+ Kf8 70. Qd8+ Kg7 71. Qe7+ Kg8 72. Qd8+ Kh7 73. Qe7+ Qg7 74. Qe8 b2 0-1

[Event "Berlin Lichtenberger op 13th"]
[Site "Berlin"]
[Date "2014.08.20"]
[Round "5"]
[White "Lischeid, Kilian"]
[Black "Radloff, Rainer"]
[Result "1-0"]
[WhiteElo "1642"]
[BlackElo "1706"]
[PlyCount "49"]
[EventDate "2014.08.16"]
[EventType "swiss"]
[EventRounds "9"]
[EventCountry "GER"]
[SourceTitle "CBM 161 Extra"]
[Source "ChessBase"]
[SourceDate "2014.08.29"]
[SourceVersion "1"]
[SourceVersionDate "2014.08.29"]
[SourceQuality "1"]

1. c4 c5 2. Nc3 Nc6 3. Nf3 Nf6 4. d4 cxd4 5. Nxd4 a6 6. g3 d6 7. Bg2 Bd7 8. 0-0 Nxd4 9. Qxd4 Bc6 10. Rd1 Bxg2 11. Kxg2 e6 12. b3 Be7 13. Bb2 0-0 14. e4 Qc7 15. Rac1 Rfd8 16. f4 Qc5 17. Kf3 Qh5+ 18. Kg2 Qc5 19. h3 Nh5 20. Kf3 g6 21. Nd5 Qxd4 22. Nxe7+ Kf8 23. Nxg6+ hxg6 24. Rxd4 Rac8 25. Ba3 1-0

[Event "Berlin Lichtenberger op 13th"]
[Site "Berlin"]
[Date "2014.08.17"]
[Round "2"]
[White "Radloff, Rainer"]
[Black "Schmalzried, Volker"]
[Result "0-1"]
[WhiteElo "1706"]
[BlackElo "1875"]
[PlyCount "76"]
[EventDate "2014.08.16"]
[EventType "swiss"]
[EventRounds "9"]
[EventCountry "GER"]
[SourceTitle "CBM 161 Extra"]
[Source "ChessBase"]
[SourceDate "2014.08.29"]
[SourceVersion "1"]
[SourceVersionDate "2014.08.29"]
[SourceQuality "1"]

1. Nf3 c5 2. e3 Nc6 3. d4 cxd4 4. exd4 g6 5. c3 Bg7 6. Bd3 Nf6 7. 0-0 0-0 8. Re1 d6 9. Nbd2 Re8 10. Nf1 e5 11. dxe5 dxe5 12. Ng3 e4 13. Nxe4 Nxe4 14. Bf4 Nc5 15. Bc4 Qxd1 16. Raxd1 Bg4 17. Ng5 Ne6 18. Bxe6 Bxe6 19. Nxe6 Rxe6 20. h3 Rxe1+ 21. Rxe1 Rd8 22. Kh2 h5 23. Re2 Kh7 24. Bg5 Rd7 25. g4 hxg4 26. hxg4 Bh6 27. Bf6 Rd2 28. Rxd2 Bxd2 29. Kg3 g5 30. Kf3 Kg6 31. Bd4 Nxd4+ 32. cxd4 Kf6 33. Ke4 Ke6 34. d5+ Kd6 35. Kd4 Bf4 36. f3 Be5+ 37. Kc4 Bxb2 38. a4 a6 0-1

[Event "Berlin-ch QT"]
[Site "Berlin"]
[Date "2013.03.30"]
[Round "1"]
[White "Radloff, Rainer"]
[Black "Krefenstein, Sergej"]
[Result "0-1"]
[WhiteElo "1709"]
[BlackElo "2099"]
[PlyCount "108"]
[EventDate "2013.03.30"]
[EventType "swiss"]
[EventRounds "9"]
[EventCountry "GER"]
[SourceTitle "EXT 2023"]
[Source "ChessBase"]
[SourceDate "2022.10.05"]
[SourceVersion "1"]
[SourceVersionDate "2022.10.05"]
[SourceQuality "1"]

1. Nf3 c5 2. e3 Nf6 3. d4 g6 4. c3 Bg7 5. Bd3 b6 6. 0-0 Bb7 7. Nbd2 0-0 8. Re1 d6 9. e4 Nc6 10. d5 Nb8 11. Rb1 Nbd7 12. Nf1 a6 13. a4 Qc7 14. c4 e6 15. h3 Rfe8 16. Bf4 exd5 17. exd5 Rxe1 18. Qxe1 Re8 19. Qd2 Nh5 20. Bh2 Ne5 21. Nxe5 Bxe5 22. Bxe5 Rxe5 23. Re1 Qe7 24. Rxe5 Qxe5 25. Qe2 Nf4 26. Qxe5 dxe5 27. Bc2 f5 28. f3 Kf7 29. Kf2 Ke7 30. Ng3 b5 31. b3 Kd6 32. Ne2 Nh5 33. Ke3 Bc8 34. g4 Ng7 35. axb5 axb5 36. Nc3 bxc4 37. bxc4 Ba6 38. Bd3 Ke7 39. Na4 Kd6 40. Nc3 h6 41. Nd1 Bc8 42. Nf2 Bd7 43. Be2 Ne8 44. Bd3 Nf6 45. Be2 Nh7 46. Bf1 Bc8 47. Bd3 Ng5 48. f4 Nf7 49. fxe5+ Kxe5 50. gxf5 gxf5 51. Be2 f4+ 52. Kd2 Kd4 53. h4 Ne5 54. Bd3 Nf3+ 0-1

[Event "Berlin Eckbauer op 15th"]
[Site "Berlin"]
[Date "2012.10.22"]
[Round "2.28"]
[White "Radloff, Rainer"]
[Black "Adam, Horst Dieter"]
[Result "1/2-1/2"]
[WhiteElo "1730"]
[BlackElo "1413"]
[PlyCount "112"]
[EventDate "2012.10.15"]
[EventType "swiss"]
[EventRounds "7"]
[EventCountry "GER"]
[SourceTitle "EXT 2022"]
[Source "ChessBase"]
[SourceDate "2021.10.06"]
[SourceVersion "1"]
[SourceVersionDate "2021.10.06"]
[SourceQuality "1"]

1. Nf3 d5 2. d4 Nf6 3. e3 Bg4 4. Be2 e6 5. Nbd2 Bd6 6. 0-0 0-0 7. Ne5 Bxe2 8. Qxe2 c5 9. c3 Nc6 10. f4 Nd7 11. Qg4 Re8 12. Nxc6 bxc6 13. e4 cxd4 14. cxd4 Qb6 15. Nb3 dxe4 16. f5 Nf6 17. Qh3 e5 18. Be3 exd4 19. Bxd4 c5 20. Bf2 Rac8 21. Rad1 Red8 22. Rd2 Be7 23. Rfd1 Rxd2 24. Rxd2 h6 25. g4 Qb4 26. Be1 Qc4 27. Qg3 Nd5 28. Qg2 Bg5 29. Rc2 Qd3 30. Qe2 Be3+ 31. Bf2 Bxf2+ 32. Kxf2 c4 33. Qxd3 exd3 34. Rc1 Nb6 35. Nd2 Kf8 36. Kf3 Ke7 37. Rc3 Kd6 38. b3 Kd5 39. bxc4+ Kd4 40. Rc1 Nxc4 41. Nb3+ Kd5 42. Kf2 Re8 43. Re1 Ne5 44. h3 f6 45. Nd2 Rc8 46. Rb1 Rc2 47. Ke3 Rxa2 48. Rb7 g6 49. fxg6 Nxg6 50. Rh7 f5 51. Rxh6 f4+ 52. Kxd3 Ra3+ 53. Ke2 Ne5 54. g5 Re3+ 55. Kf2 Rg3 56. Ra6 Nc6 1/2-1/2

[Event "Berlin Eckbauer op 14th"]
[Site "Berlin"]
[Date "2011.11.28"]
[Round "7.27"]
[White "Radloff, Rainer"]
[Black "Sajkow, Alexander"]
[Result "1-0"]
[WhiteElo "1730"]
[BlackElo "1362"]
[PlyCount "55"]
[EventDate "2011.10.17"]
[EventType "swiss"]
[EventRounds "7"]
[EventCountry "GER"]
[SourceTitle "EXT 2022"]
[Source "ChessBase"]
[SourceDate "2021.10.06"]
[SourceVersion "1"]
[SourceVersionDate "2021.10.06"]
[SourceQuality "1"]

1. Nf3 d5 2. e3 Nf6 3. d4 e6 4. Bd3 Be7 5. 0-0 0-0 6. Re1 Nbd7 7. c3 b6 8. Nbd2 Bb7 9. e4 dxe4 10. Nxe4 Bxe4 11. Bxe4 Nxe4 12. Rxe4 Nf6 13. Rh4 c5 14. Ne5 Rc8 15. Be3 Nd5 16. Rh3 Nxe3 17. fxe3 Bf6 18. Qh5 h6 19. Ng4 Bg5 20. Rf3 Qd5 21. Qh3 b5 22. a3 a5 23. Raf1 cxd4 24. exd4 b4 25. Ne5 Bf6 26. Ng4 Bg5 27. Qg3 Be7 28. Nxh6+ 1-0